Prototipo de una arquitectura multiservidor basada en el modelo utilizado en los juegos en línea (Registro nro. 2541)

Detalles MARC
000 -LEADER
campo de control de longitud fija 02620nam a22003857a 4500
001 - NÚMERO DE CONTROL
campo de control 42835
003 - IDENTIFICADOR DE NÚMERO DE CONTROL
campo de control gtgccic
005 - FECHA Y HORA DE LA ÚLTIMA TRANSACCIÓN
campo de control 20251124124255.0
007 - CAMPO FIJO DE DESCRIPCIÓN FÍSICA--INFORMACIÓN GENERAL
campo de control de longitud fija ta
008 - DATOS DE LONGITUD FIJA--INFORMACIÓN GENERAL
campo de control de longitud fija 251124b gt ||||| |||| 00| 0 spa d
040 ## - FUENTE DE CATALOGACIÓN
Centro catalogador/agencia de origen gtgccic
Lengua de catalogación spa
Centro/agencia transcriptor gtgccic
Normas de descripción rda
084 ## - OTRO NÚMERO DE CLASIFICACIÓN
Número de control del registro de autoridad o número normalizado TPI-17-0127
100 10 - ENTRADA PRINCIPAL--NOMBRE DE PERSONA
Nombre de persona Marco Antonio Ramírez Molina
Fechas asociadas al nombre Licenciado en Administración de Empresas
Término indicativo de función/relación autor
245 10 - MENCIÓN DEL TÍTULO
Título Prototipo de una arquitectura multiservidor basada en el modelo utilizado en los juegos en línea
Resto del título tipo MMO (Massively Multiplayer Online), para garantizar la eficiencia y escalabilidad a usuarios de aplicaciones educativas, mediante el uso de dispositivos móviles /
Mención de responsabilidad, etc. Ramírez Molina, Marco Antonio
264 #1 - PRODUCCIÓN, PUBLICACIÓN, DISTRIBUCIÓN, FABRICACIÓN Y COPYRIGHT
Producción, publicación, distribución, fabricación y copyright Guatemala, Guatemala :
Nombre del de productor, editor, distribuidor, fabricante USAC, Facultad de Ingeniería ;
Fecha de producción, publicación, distribución, fabricación o copyright 2017 .-
300 ## - DESCRIPCIÓN FÍSICA
Extensión xxxiv, 113 p. :
Otras características físicas il. ;
Dimensiones 27 cm
336 ## - TIPO DE CONTENIDO
Fuente rdacontenido
Término de tipo de contenido Texto
Código de tipo de contenido txt
337 ## - TIPO DE MEDIO
Fuente rdamedio
Nombre/término del tipo de medio sin mediación
Código del tipo de medio n
338 ## - TIPO DE SOPORTE
Fuente rdasoporte
Nombre/término del tipo de soporte volumen
Código del tipo de soporte nc
502 ## - NOTA DE TESIS
Nota de tesis Tesis Postgrado
Tipo de título MAESTRO EN ARTES EN TECNOLOGÍAS DE LA INFORMACIÓN Y COMUNICACIÓN
Nombre de la institución que otorga el título USAC, Facultad de Ingeniería, Escuela de Postgrado
Año de obtención del título 2017
Identificador de la tesis TPI-17-0127
504 ## - NOTA DE BIBLIOGRAFÍA, ETC.
Nota de bibliografía, etc. Nota Bibliografía pag. 109
505 ## - NOTA DE CONTENIDO CON FORMATO
Título 1. ANTECEDENTES
505 ## - NOTA DE CONTENIDO CON FORMATO
Título 2. JUSTIFICACIÓN
505 ## - NOTA DE CONTENIDO CON FORMATO
Título 3. ALCANCES DEL ESTUDIO
505 ## - NOTA DE CONTENIDO CON FORMATO
Título 4. MARCO TEÓRICO
505 ## - NOTA DE CONTENIDO CON FORMATO
Título 5. PRESENTACIÓN DE RESULTADOS
505 ## - NOTA DE CONTENIDO CON FORMATO
Título 6. DISCUSIÓN DE LOS RESULTADOS
520 #3 - RESUMEN, ETC.
Sumario, etc. El uso de la tecnología como medio de aprendizaje se incrementa en la actualidad de manera rápida y variada a tal punto que el uso de dispositivos móviles, como tablets y teléfonos, es una tendencia marcada en los años recientes lo cual puede representar una nueva modalidad en el proceso de enseñanza y aprendizaje. Las tecnologías de información han evolucionado y dan respuesta a necesidades sociales por medio de software y hardware especializado que se refleja en diversas actividades económicas y especialmente en la educación. Como objetivo central, en este trabajo se desarrolló un prototipo de arquitectura que tuvo como modelo la utilizada en los juegos masivos multijugador en línea MMO y tomó en cuenta parte de sus componentes para lograr que funcionase sobre una plataforma educativa que otorgara servicios a cientos de usuarios concurrentes y pretendiendo que el trabajo realizado demostrase que es posible garantizar eficiencia, escalabilidad y disponibilidad del modelo propuesto.
650 ## - PUNTO DE ACCESO ADICIONAL DE MATERIA--TÉRMINO DE MATERIA
Término de materia o nombre geográfico como elemento de entrada JUEGOS EN LÍNEA
650 ## - PUNTO DE ACCESO ADICIONAL DE MATERIA--TÉRMINO DE MATERIA
Término de materia o nombre geográfico como elemento de entrada SERVICIOS MÓVILES
650 ## - PUNTO DE ACCESO ADICIONAL DE MATERIA--TÉRMINO DE MATERIA
Término de materia o nombre geográfico como elemento de entrada INNOVACIONES EDUCATIVAS
700 ## - ENTRADA AGREGADA--NOMBRE PERSONAL
Nombre de persona Ing. MA. Héctor Alberto H. Mendía Arriola
942 ## - ELEMENTOS DE ENTRADA SECUNDARIOS (KOHA)
Fuente de la clasificación o esquema de estantería Clasificación Decimal Dewey
Tipo de ítem Koha TESISPOSTGRADO
945 ## - PROCESAMIENTO DE INFORMACIÓN LOCAL (OCLC)
a amlo
Existencias
Estatus retirado Estado de pérdida Fuente de la clasificación o esquema de estantería Estado de daño No para préstamo Biblioteca de origen Biblioteca actual Fecha de adquisición Número de inventario Total de préstamos Signatura topográfica completa Código de barras Visto por última vez Precio de reemplazo Tipo de ítem Koha Nota pública
    Clasificación Decimal Dewey     CENTRO DE INFORMACIÓN A LA CONSTRUCCIÓN-CICON CENTRO DE INFORMACIÓN A LA CONSTRUCCIÓN-CICON 24/11/2025 P20170127   TPI-17-0127 20170127 24/11/2025 24/11/2025 TESISPOSTGRADO disponible